000 00974nam a22002657a 4500
005 20090903144024.0
008 090903t xxu||||| |||| 00| 0 eng d
010 _aB-356961
020 _a9788178127507
_c60.00
035 _aB-356961
037 _bDBAD / PUB
040 _adpl
_bEnglish
082 _a230.1
245 _aKarna and Arjuna /
_cedited by Anjani Gupta
260 _aNew Delhi
_bLittle Scholarz
_c2009
270 _a12-H, New Daryaganj Road, Opp. Traffic Kotwali,
_bNew Delhi
_e110002
300 _a24p.
_bcol. ill.
_c24cm(pbk)
490 _aIndian mythology series
650 _aKarna (Hindu mythology)
650 _aArjuna (Hindu mythology)
650 _aJuvenile Literature
700 _aGupta, Anjani
942 _2ddc
_cEN
_h230.1
_mKAR
999 _c29953
_d29953